000 00987cam a22002651 4500
001 gs 51000113
003 DLC
005 20260227111357.0
008 810709s1930 idu 000 0 eng c
010 _ags 51000113
035 _a(OCoLC)7567635
040 _aU. S. Geol. Survey. Libr.
_cGStG
_dGStG
_dDLC
042 _apremarc
050 0 0 _aTN24.I2
_bA43 no. 90
082 _a553.4
100 1 _aAnderson, Alfred Leonard,
_d1900-1964.
245 1 0 _aDetailed geology of certain areas in the Mineral Hill and Warm Springs mining districts, Blaine County, Idaho,
_cby A. L. Anderson, T. H. Kiilsgaard and V. C. Fryklund, Jr.
260 _aMoscow,
_bUniversity of Idaho,
_c1950.
300 _aviii, 73 p.
_bplates, maps (part fold.)
_c28 cm.
410 2 0 _aIdaho Bureau of Mines and Geology.
_tPamphlet,
_vno. 90
500 _aCover title.
504 _a"References" : p.73.
650 0 _aGeology
_zIdaho
_zBlaine County.
650 0 _aMines and mineral resources
_zIdaho
_zBlaine County.
999 _c28546
_d28546